Southville International School and Colleges
Your cart is empty.
  • Cart
  • Lists
    Public lists Eva Luna New books Lux_list list_1
    Your lists Log in to create your own lists
  • Log in to your account
  • Your cookies
  • Search history
Southville International School and Colleges
  • Advanced search
  • Recent comments
  • Most popular
  • Libraries

Log in to your account

Log in with GOOGLE


If you do not have an external account, but do have a local account, you can still log in:

  1. Home
  2. MARC view: Transformative organization management /
Normal view MARC view ISBD view

Transformative organization management / (Record no. 117531)

[ view plain ]
MARC details
000 -LEADER
fixed length control field 00560nam a2200181Ia 4500
003 - CONTROL NUMBER IDENTIFIER
control field SISC
005 - DATE AND TIME OF LATEST TRANSACTION
control field 20170119100724.0
008 - FIXED-LENGTH DATA ELEMENTS--GENERAL INFORMATION
fixed length control field 140527s9999 xx 000 0 und d
020 ## - INTERNATIONAL STANDARD BOOK NUMBER
International Standard Book Number 9789712362637
050 ## - LIBRARY OF CONGRESS CALL NUMBER
Classification number HD 31
Item number .At88 2012
100 ## - MAIN ENTRY--PERSONAL NAME
Personal name Atienza, Rumel Valenton.
245 ## - TITLE STATEMENT
Title Transformative organization management /
Statement of responsibility, etc Rumel Valenton Atienza.
260 ## - PUBLICATION, DISTRIBUTION, ETC. (IMPRINT)
Place of publication, distribution, etc Manila :
Name of publisher, distributor, etc Rex Book Store,
Date of publication, distribution, etc 2012.
300 ## - PHYSICAL DESCRIPTION
Extent 198 pages :
Other physical details illustrations ;
Dimensions 28 cm.
Accompanying material 1 CD-ROM (4 3/4 in.).
500 ## - GENERAL NOTE
General note Includes references.
942 ## - ADDED ENTRY ELEMENTS (KOHA)
Call number prefix Local
Koha item type Books
Source of classification or shelving scheme Library of Congress Classification
Holdings
Withdrawn status Lost status Damaged status Home library Current library Shelving location Date acquired Total Checkouts Full call number Barcode Date last seen Price effective from Koha item type
      College Library College Library Reserve Section 05/28/2014   HD 31 .At88 2012 C18139 05/15/2018 05/28/2014 Books

Transformative organization management /

APA

Atienza R. V., . (2012). Transformative organization management. Manila: Rex Book Store.

Chicago

Atienza Rumel Valenton, . 2012. Transformative organization management. Manila: Rex Book Store.

Harvard

Atienza R. V., . (2012). Transformative organization management. Manila: Rex Book Store.

MLA

Atienza Rumel Valenton, . Transformative organization management. Manila: Rex Book Store. 2012.

  • Place hold
  • Print
  • Cite
  • Add to your cart (remove)
  • Save record
    BIBTEX Dublin Core MARCXML MARC (non-Unicode/MARC-8) MARC (Unicode/UTF-8) MARC (Unicode/UTF-8, Standard) MODS (XML) RIS
  • More searches
    Search for this title in:
    Other Libraries (WorldCat) Other Databases (Google Scholar) Online Stores (Bookfinder.com) Open Library (openlibrary.org)

Exporting to Dublin Core...

SOUTHVILLE LIBRARY

Southville International School and Colleges Library

1281 Tropical Ave. Cor. Luxembourg St., BF Homes International, Las Pinas City

Tel. No. 8256374 / 252358 Loc. 117/146

Powered by Koha